| 000 | 00659cam a22002538a 4500 | ||
|---|---|---|---|
| 005 | 20260322212018.0 | ||
| 008 | data | ||
| 010 | _a 2007031986 | ||
| 020 | _a9780061472572 | ||
| 040 |
_aDLC _cDLC |
||
| 050 | 0 | 0 |
_aHQ777 _b.B82 2007 |
| 082 | 0 | 0 |
_a646.70083/42 _222 |
| 100 | 1 | _aBuchanan, Andrea J. | |
| 245 | 1 | 4 |
_aThe daring book for girls / _cAndrea J. Buchanan & Miriam Peskowitz. |
| 250 | _a1st ed. | ||
| 260 |
_aNew York : _bCollins, _cc2007. |
||
| 263 | _a0711 | ||
| 300 | _ap. cm. | ||
| 650 | 0 |
_aGirls _vLife skills guides. |
|
| 650 | 0 |
_aGirls _vConduct of life. |
|
| 650 | 0 | _aGirls in literature. | |
| 700 | 1 |
_aPeskowitz, Miriam, _d1964- |
|
| 001 | data | ||
| 999 |
_c393 _d393 |
||